000 00418 a2200157 4500
001 63853
020 _a9788530810139 (broch.)
040 _cAnchieta - Pituba
100 _aVeiga, Ilma Passos Alencastro
240 1 0 _aNovas tramas para as técnicas de ensino e estudo
_l
245 1 0 _aNovas tramas para as técnicas de ensino e estudo
300 _a152p.
362 0 _a2013
650 4 _aEducação
942 _cBK
999 _c63853
_d63853